L'intégralité des invités des primes de La Star Academy - Statistiques

Statistiques générales
  • Ce quiz a été pris 135 fois
    20 depuis la dernière actualisation
  • Le résultat moyen est 100 sur 500
Statistiques - réponses
Saisons Indice Personnalités % Correct
Saisons 1 / 2 / 3 / 5 / 6 / 10 / 11 / 12 / 13 Chanteuse belgo-canadienne Lara Fabian
93%
Saisons 6 / 9 Rappeur américain Big Ali
80%
Saisons 2 / 5 / 7 Chanteuse canadienne, Icône de la musique mondiale Céline Dion
80%
Saisons 1 / 11 Chanteuse en rouge et noire Jeanne Mas
80%
Saisons 2 / 4 / 5 / 7 / 8 / 9 / 10 / 11 / 12 Chanteuse gagnante de la saison 1 Jenifer
80%
Saisons 12 / 13 Gagnant de la saison 11 Pierre Garnier
80%
Saison 12 Actrice et chanteuse. Qui a notamment fait partie de la comédie musicale 1789 Camille Lou
73%
Saisons 1 / 3 / 4 / 5 / 6 / 7 / 8 / 9 / 11 / 13 Chanteur emblématique français Florent Pagny
73%
Saisons 10 / 11 / 12 / 13 Rappeur français Gims
73%
Saisons 11 / 12 / 13 Chanteuse de variété française révélée dans The Voice Louane
73%
Saisons 3 / 4 / 5 / 6 / 7 / 10 / 12 Gagnante de la saison 2 Nolwenn Leroy
73%
Saisons 2 / 3 / 5 / 6 / 7 / 8 / 10 / 11 / 12 / 13 Chanteur corse de variété Patrick Fiori
73%
Saisons 10 / 11 Chanteur auteur compositeur française ayant remporté The Voice Slimane
73%
Saison 12 Chanteur français de Soul, RNB et pop Ben l'Oncle Soul
67%
Saison 13 Duo toulousain de rap Bigflo et Oli
67%
Saisons 2 / 3 / 4 / 5 / 7 / 8 / 11 Chanteur français en apesanteur Calogero
67%
Saison 1 Chanteuse violoniste Catherine Lara
67%
Saison 13 Candidat de la saison 12 Charles Doré
67%
Saisons 12 / 13 Candidate de la saison 11 Héléna
67%
Saisons 10 / 11 / 12 / 13 Chanteur et guitariste français ayant remporté The Voice Kendji Girac
67%
Saisons 1 / 4 / 5 / 6 / 7 / 8 / 9 Chanteuse française en 4 lettres Lââm
67%
Saisons 12 / 13 Chanteuse autrice compositrice et ancienne candidate de The Voice Linh
67%
Saisons 5 / 6 / 7 / 9 / 10 / 11 / 12 / 13 Chanteur performer français M Pokora
67%
Saisons 1 / 2 / 3 / 4 / 5 / 8 / 9 / 11 Chanteur "malade" français Serge Lama
67%
Saisons 7 / 11 / 12 / 13 Chanteuse française passé du RNB à la variété Vitaa
67%
Saisons 5 / 7 / 8 / 9 / 10 / 12 / 13 Chanteuse française visant la lune Amel Bent
60%
Saisons 6 / 7 / 8 / 10 / 11 Chanteur de variété française souvent à la guitare Christophe Maé
60%
Saisons 10 / 11 Chanteur et rappeur franco-congolais au frère célèbre Dadju
60%
Saison 13 Superstar de la pop britannique Ed Sheeran
60%
Saisons 1 / 3 / 4 / 5 / 6 / 8 / 10 / 13 Chanteur québécois Garou
60%
Saison 4 Chanteur, auteur, compositeur, "enfoiré" français Jean-Jacques Goldman
60%
Saison 13 Candidate de la saison 13 Jeanne
60%
Saison 13 Gagnante de la saison 12 Marine
60%
Saisons 1 / 2 / 3 / 6 / 7 / 12 / 13 Chanteur et compositeur français Pascal Obispo
60%
Saisons 1 / 2 / 4 / 6 / 7 / 8 / 9 / 10 / 11 / 12 Chanteur très populaire français Patrick Bruel
60%
Saison 2 Chanteur et pianiste iconique du Jazz et du Rhythm and blues Ray Charles
60%
Saisons 10 / 12 / 13 Chanteuse française en trois lettres Zaz
60%
Saisons 10 / 11 / 12 / 13 Chanteur et Dentiste Franco-israelien Amir
53%
Saison 13 Chanteuse franco-malienne capable de remplir 3 stades de France Aya Nakamura
53%
Saison 3 / 6 / 8 Chanteuse américaine Beyoncé
53%
Saisons 10 / 11 / 12 / 13 Chanteuse comédienne et humoriste française Camille Lellouche
53%
Saison 2 Chanteur aux mots bleus Christophe
53%
Saisons 5 / 6 Gagnant de la saison 4 Grégory Lemarchal
53%
Saison 13 Candidat de la saison 11 Julien Lieb
53%
Saison 13 Candidate de la saison 12 Marguerite
53%
Saisons 2 / 5 Célèbre chanteuse américaine aux 8 octaves Mariah Carey
53%
Saisons 1 / 2 / 3 / 4 / 8 Chanteuse française à la voix grave Patricia Kaas
53%
Saisons 6 / 7 / 8 Megastar de la musique américaine Rihanna
53%
Saison 13 Candidate de la saison 12 Sweet Julie
53%
Saisons 10 / 11 Chanteuse française de variété Zazie
53%
Saisons 11 / 13 Gagnante de la saison 10 Anisha Jo
47%
Saisons 5 / 6 / 7 / 13 DJ français, qui a composé le générique de l'émission Bob Sinclar
47%
Saisons 11 / 12 / 13 Chanteuse autrice compositrice musicienne québécoise Charlotte Cardin
47%
Saisons 2 / 7 / 11 Chanteur français, fils de grandes stars françaises David Hallyday
47%
Saison 13 Finaliste de la saison 12 Ebony
47%
Saisons 4 / 5 / 6 / 7 / 10 Gagnante de la saison 3 Élodie Frégé
47%
Saisons 11 / 13 Candidate de la saison 10 Enola Cox
47%
Saisons 12 / 13 Chanteur français et membre du groupe Louise Attaque Gaëtan Roussel
47%
Saisons 11 / 12 Slameur-poête français Grand Corps Malade
47%
Saisons 2 / 3 / 5 / 6 / 7 / 8 Taulier du Rock français Johnny Hallyday
47%
Saisons 1 / 2 / 3 / 4 / 5 / 6 / 7 / 8 / 11 / 13 Chanteuse italienne Laura Pausini
47%
Saisons 11 / 13 Candidate de la saison 10 Léa Haddad
47%
Saisons 12 / 13 Candidate de la saison 11 Lénie
47%
Saisons 12 / 13 Chanteur auteur compositeur belge ayant remporté Danse Avec Les Stars Loïc Nottet
47%
Saisons 1 / 2 / 3 / 4 / 5 / 6 / 7 / 8 / 12 Chanteuse Pop française Lorie
47%
Saisons 11 / 13 Candidat de la saison 10 Louis Albi
47%
Saison 13 Candidat de la saison 13 Lowey (Léo)
47%
Saison 5 / 13 Finaliste de la saison 4 Lucie Bernardoni
47%
Saison 6 / 13 Gagnante de la saison 5 Magalie Vaé
47%
Saisons 11 / 12 / 13 Chanteuse belge révélée dans The Voice Mentissa
47%
Saison 2 Chanteuse française révélée dans les années 60 Michèle Torr
47%
Saisons 9 / 11 / 13 Chanteur auteur compositeur Libano-americano-britannique Mika
47%
Saison 13 Chanteuse et particule française Miki
47%
Saisons 6 / 13 Candidat de la saison 5 Pascal Mono
47%
Saisons 4 / 5 / 8 / 12 Candidate de la saison 3 Sofia Essaïdi
47%
Saisons 1 / 5 / 6 / 7 / 8 / 13 Chanteuse Australienne Tina Arena
47%
Saison 13 Candidat de la saison 12 Ulysse
47%
Saison 13 Candidat de la saison 11 Victorien
47%
Saison 7 Rappeur américain, et leader d'un groupe Will.i.am
47%
Saison 3 / 4 / 5 / 6 Chanteur tennisman français Yannick Noah
47%
Saison 10 Chanteuse française et ex-membre de Thérapie Taxi Adé
40%
Saisons 12 / 13 Chanteuse, autrice compositrice française. Qui a représenté la France à l'Eurovision Barbara Pravi
40%
Saisons 10 / 11 / 12 / 13 Chanteur, guitariste et accordéoniste français Claudio Capéo
40%
Saison 12 Chanteur italien, leader du groupe Maneskin Damiano David
40%
Saisons 6 / 7 / 11 / 12 DJ français David Guetta
40%
Saisons 1 / 3 Chanteur britannique iconique Elton John
40%
Saison 13 Candidate de la saison 12 Emma
40%
Saisons 3 / 6 / 11 / 13 Chanteuse française, demi finaliste de la saison 2 Emma Daumas
40%
Saison 13 Candidat de la saison 12 Franck Lenar
40%
Saisons 5 / 13 Candidat de la saison 2 Georges-Alain Jones
40%
Saison 12 Chanteur, guitariste et producteur, membre du groupe Téléphone Jean-Louis Aubert
40%
Saisons 5 / 12 / 13 Candidat de la saison 1 Jean-Pascal Lacoste
40%
Saison 6 Chanteur américain de Soul et RNB John Legend
40%
Saisons 8 / 12 Chanteur français aux cheveux longs Julien Doré
40%
Saison 1 Chanteuse révélée dans les années 80 Lio
40%
Saisons 11 / 13 Chanteuse suédoise, gagnante de l'Eurovision Loreen
40%
Saison 13 Candidat de la saison 12 Masséo
40%
Saison 13 Candidate de la saison 12 Maureen Valet
40%
Saisons 7 / 11 / 12 / 13 Rappeur et chanteur français MC Solaar
40%
Saisons 3 / 4 / 5 / 6 Chanteur emblématique de la variété française Michel Sardou
40%
Saison 11 Chanteuse, également candidate de la saison 1 Olivia Ruiz
40%
Saisons 11 / 12 / 13 Chanteuse autrice compositrice française issue du groupe Hyphen Hyphen Santa
40%
Saisons 10 / 12 Rappeur marseillais Soprano
40%
Saison 9 Chanteuse israélo-française de RNB Tal
40%
Saisons 8 / 9 / 13 Chanteuse compositrice algero-canadienne Zaho
40%
Saison 13 Chanteuse autrice-compositrice française qui ne sera jamais Zélie
40%
Saisons 1 / 4 / 7 / 8 Chanteur et ténor italien Andrea Bocelli
33%
Saison 13 Chanteur et youtubeur français, ayant représenté la France à l'Eurovision Bilal Hassani
33%
Saisons 12 / 13 Rappeur et chanteur, populaire grâce à son tube "Imagine" Carbonne
33%
Saisons 3 / 5 / 6 / 7 Chanteur franco-arménien Charles Aznavour
33%
Saisons 7 / 9 / 10 / 11 Chanteur français ayant gagné un autre télécrochet Christophe Willem
33%
Saisons 10 / 12 / 13 Chanteur française de variété qui fait l'effet d'une bombe Clara Luciani
33%
Saisons 5 / 7 / 8 / 13 Chanteur RNB américain Craig David
33%
Saison 7 Gagnant de la saison 6 Cyril Cinélu
33%
Saisons 1 / 5 Chanteuse de comédie musicale Ginie Line
33%
Saisons 12 / 13 Chanteuse autrice compositrice en marinière Hoshi
33%
Saisons 12 / 13 Chanteur franco-egyptien de variété Joseph Kamel
33%
Saison 13 Groupe de Kpop américain Katseye
33%
Saisons 5 / 6 / 13 Groupe pop rock français des années 2000 Kyo
33%
Saisons 4 / 5 Troupe de comédie musicale Le Roi Soleil
33%
Saison 13 Chanteuse au tube "Soleil Bleu" Luiza
33%
Saison 5 Reine de la pop Madonna
33%
Saison 13 Candidate de la saison 12 Maïa
33%
Saison 1 Groupe de rap breton Manau
33%
Saisons 1 / 2 / 3 / 5 / 6 / 7 / 10 / 11 / 12 Chanteur de variété Marc Lavoine
33%
Saisons 2 / 3 / 4 / 5 / 6 / 8 / 11 / 12 Chanteuse quebecoises Natasha St-Pier
33%
Saisons 1 / 2 / 3 / 4 / 5 / 6 / 7 / 8 / 12 Chanteur québécois de variété Roch Voisine
33%
Saison 13 Chanteuse autrice compositrice musicienne française, révélation aux Victoires 2025 Solann
33%
Saison 6 Princesse et Chanteuse Stephanie de Monaco
33%
Saison 10 Chanteur auteur compositeur britannique Tom Gregory
33%
Saisons 10 / 11 Chanteur français qui est bien là Vianney
33%
Saison 11 Chanteuse française révélée par La Nouvelle Star Yseult
33%
Saisons 12 / 13 Chanteur, auteur compositeur et acteur. Ses frères sont aussi dans le monde du cinéma Aliocha Schneider
27%
Saisons 3 / 7 / 9 Chanteuse française lolita Alizée
27%
Saison 8 Chanteuse écossaise pop folk au nom de fast food Amy Macdonald
27%
Saison 13 Chanteuse autrice-compositice française, au titre "faux semblants" Anabel
27%
Saison 13 Chanteur auteur-compositeur de variété et acteur français Bénabar
27%
Saisons 3 / 4 / 5 / 6 / 7 / 8 / 11 / 12 Chanteuse française de variété, "perdante" de l'émission Popstar Chimène Badi
27%
Saison 2 Chanteur Soul américain Cunnie Williams
27%
Saison 3 Rappeuse franco-chypriote Diam's
27%
Saison 3 Rappeur français Doc Gynéco
27%
Saisons 11 / 12 / 13 Chanteur auteur compositeur Kid français Eddy de Pretto
27%
Saisons 6 / 7 / 9 / 12 Chanteur français issu d'une célèbre comédie musicale Emmanuel Moire
27%
Saisons 7 / 8 Chanteur espagnol très célèbre Enrique Iglesias
27%
Saisons 1 / 2 / 3 / 4 / 6 Chanteur de raï Faudel
27%
Saison 7 Chanteur italo-belge Frédéric François
27%
Saison 8 Chanteur de variété français révélé grâce à un site internet Grégoire
27%
Saisons 3 / 5 / 11 / 13 Finaliste de la saison 2 Houcine Camara
27%
Saison 11 Chanteur britannique "impossible" James Arthur
27%
Saison 4 Chanteur et footballeur français qui survivra Jean-Pierre François
27%
Saison 3 Candidat de la saison 2 Jérémy Chatelain
27%
Saisons 12 / 13 Chanteur auteur compositeur, issue d'un Duo de la Vega Jérémy Frérot
27%
Saison 6 Rappeur et acteur français JoeyStarr
27%
Saisons 1 / 3 / 5 / 6 / 8 / 10 Chanteur compositeur français Julien Clerc
27%
Saisons 3 / 4 / 6 Chanteur espagnol Julio Iglesias
27%
Saison 8 Chanteur guitariste compositeur nigerien ayant créé son propre style le Blufunk Keziah Jones
27%
Saison 9 Icône du raï Khaled
27%
Saison 3 Groupe français composée de 5 filles L5
27%
Saison 13 Chanteur franco-suisse au titre "Les étoiles" Léman
27%
Saison 8 Chanteuse britannique ayant gagné un télécrochet au royaume uni Leona Lewis
27%
Saison 8 Candidat de la saison 7 Mathieu Edward
27%
Saisons 2 / 3 / 4 / 7 Chanteuse belge en un mot Maurane
27%
Saison 9 Chanteur français issu de comédie musicale Merwan Rim
27%
Saison 11 Chanteur et guitariste gallois ayant été professeur à la Star Academy Michael Jones
27%
Saison 1 Chanteuse franco-suisse, interprète originale de l'hymne de la saison 1 Nicoletta
27%
Saisons 3 / 7 Rappeur français face à la mer Passi
27%
Saisons 10 / 13 Chanteuse "fruitée" autrice compositrice française Pomme
27%
Saison 8 Gagnant de la saison 7 Quentin Mosimann
27%
Saisons 2 / 11 Chanteur compositeur italien au coup de soleil Richard Cocciante
27%
Saison 10 Star de la pop britannique Robbie Williams
27%
Saisons 8 / 9 / 13 Chanteuse de RNB français Sheryfa Luna
27%
Saison 4 Rockstar américaine, qui était célèbre pour remplir des stades Tina Turner
27%
Saisons 2 / 8 Chanteur crooner britannique qui fait l'effet d'une bombe Tom Jones
27%
Saisons 4 / 5 / 7 / 8 / 10 / 11 Chanteuse compositrice pianiste française Véronique Sanson
27%
Saison 11 Chanteuse suédoise de Pop Zara Larsson
27%
Saisons 5 / 6 / 7 / 8 / 11 Chanteuse Indonésienne Anggun
20%
Saison 13 Chanteur auteur-compositeur israélien au tube One Day Asaf Avidan
20%
Saison 2 Chanteuse ayant chanté "Elle est à toi" Assia
20%
Saisons 3 / 11 / 13 Candidate de la saison 2 Aurélie Konaté
20%
Saisons 7 / 9 Groupe français pop rock BB Brunes
20%
Saisons 7 / 13 Chanteur auteur compositeur acteur français Benjamin Biolay
20%
Saison 3 Groupe anglais composé de 4 membres Blue
20%
Saison 8 Megastar de la pop américaine Britney Spears
20%
Saison 13 Chanteur Auteur-compositeur britannique au premier album Only Human Calum Scott
20%
Saison 13 Candidate de la saison 1 Carine Haddadou
20%
Saisons 6 / 9 Animateur TV Cauet
20%
Saison 1 Chanteuse de comédie musicale Cécilia Cara
20%
Saison 13 Finaliste de la saison 6 Cynthia Brown
20%
Saison 3 Chanteuse australienne, au même nom de sa célèbre soeur Dannii Minogue
20%
Saison 3 Dj, producteur chanteur suisse. Célèbre pour son Chihuahua DJ BoBo
20%
Saisons 1 / 3 / 6 Chanteur français Eddy Mitchell
20%
Saisons 10 / 13 Groupe pop rock français brulant Feu! Chatterton
20%
Saisons 1 / 3 / 4 / 6 / 7 / 8 / 11 Chanteuse française Hélène Ségara
20%
Saison 13 Chanteuse autrice compositrice, et son titre "Mon Idole" Janie
20%
Saison 3 Candidate de la saison 1 Jessica Marquez
20%
Saison 10 Chanteuse disco française Juliette Armanet
20%
Saison 12 Acteur, humoriste, scénariste franco-algérien Kad Merad
20%
Saison 8 Chanteuse américaine ayant enchainé les tubes Katy Perry
20%
Saisons 4 / 7 Chanteuse australienne Kylie Minogue
20%
Saison 1 Chanteuse française ayant signé l'un des plus gros tubes en 1999 Larusso
20%
Saisons 2 / 3 / 4 / 6 / 8 Chanteur français Laurent Voulzy
20%
Saison 8 DJ français au nom de loup Laurent Wolf
20%
Saison 2 Troupe de Comédie musicale Les Dix Commandements
20%
Saison 13 Groupe/Duo français pop electro Lilly Wood and the Prick
20%
Saison 2 Groupe de musique ivoirien Magic System
20%
Saison 11 Chanteuse autrice compositrice française révélée dans La France A Un Incroyable Talent Marina Kaye
20%
Saison 5 Candidat de la saison 4 Mathieu Johann
20%
Saison 13 Candidate de la saison 5 Maud Verdeyen
20%
Saisons 4 / 6 / 7 Animateur, humoriste acteur, producteur et "chanteur" Michaël Youn
20%
Saisons 4 / 5 / 11 / 13 Finaliste de la saison 3 Michal Kwiatkowski
20%
Saison 6 Icône de la chanson française Mireille Mathieu
20%
Saisons 4 / 5 / 6 / 7 / 8 / 13 Chanteuse française de pop RNB Nâdiya
20%
Saisons 5 / 6 / 7 / 12 Candidat de la saison 3 Patxi Garat
20%
Saisons 5 / 7 / 8 / 11 / 12 Chanteur français à la guitare Raphael
20%
Saisons 3 / 5 / 7 Chanteur et acteur portoricain Ricky Martin
20%
Saisons 3 / 4 / 7 / 8 Chanteur de soul britannique, qui a notamment fait un duo avec Mylene Farmer Seal
20%
Saisons 6 / 7 / 9 / 13 Groupe français pop rock Superbus
20%
Saison 13 Chanteuse autrice-compositrice performeuse française aux textes engagés Suzane
20%
Saison 11 Chanteur auteur compositeur français de RNB Tayc
20%
Saisons 6 / 8 Groupe américain composé de 5 à 7 chanteuses The Pussycat Dolls
20%
Saison 7 Rappeur américain 50 Cent
13%
Saison 13 Chanteuse pop française et ancien membre du groupe Videoclub Adèle Castillon
13%
Saison 12 Chanteuse, et leader du groupe Gossip Beth Ditto
13%
Saisons 1 / 2 / 4 Chanteur pop Philippino-Americain Billy Crawford
13%
Saison 2 Chanteur américain de Soul Billy Paul
13%
Saison 9 Chanteur americain de Funk RNB enchainant les tubes Bruno Mars
13%
Saison 8 Chanteur américain de RNB Chris Brown
13%
Saisons 4 / 5 / 9 / 12 Chanteur compositeur de RNB canadien Corneille
13%
Saison 2 Chanteur de comédie musicale Daniel Lévi
13%
Saison 4 Chanteur emblématique néerlandais Dave
13%
Saison 2 / 4 Chanteur et acteur star d'Alerte à Malibu David Charvet
13%
Saison 13 Chanteuse Autrice-compositrice française, originaire de Caen ayant déjà composé pour des académiciens Daysy
13%
Saison 1 Chanteuse française ayant eu ses premiers succès dans les années 90 Enzo Enzo
13%
Saisons 5 / 7 Chanteur italien Eros Ramazzotti
13%
Saisons 3 / 6 / 8 / 13 Chanteur français Étienne Daho
13%
Saison 6 Chanteuse française de variété emblématique Françoise Hardy
13%
Saison 6 Groupe français de flamenco Gipsy Kings
13%
Saison 12 Rappeur, chanteur et acteur Hatik
13%
Saisons 5 / 12 Candidate de la saison 4 Hoda Sanz
13%
Saison 10 Groupe français dont est issue Santa Hyphen Hyphen
13%
Saison 13 Groupe à voix ayant remporté The Voice Il Cello
13%
Saisons 1 / 2 / 3 / 4 / 5 / 7 / 11 Chanteuse Quebecoise Isabelle Boulay
13%
Saison 3 Chanteur, vieille canaille, compositeur français Jacques Dutronc
13%
Saisons 5 / 6 / 7 / 8 / 11 Chanteur britannique James Blunt
13%
Saisons 1 / 2 / 3 / 4 / 5 / 7 / 9 Chanteuse compositrice interprète française Julie Zenatti
13%
Saison 13 Rappeur, chanteur franco-congolais Bazardé KeBlack
13%
Saisons 9 / 10 Chanteur compositeur français aux titres ensoleillés Keen'V
13%
Saisons 4 / 5 Chanteur rappeur producteur Libano-canadien K. Maro
13%
Saison 9 Chanteuse française de RNB et Pop Leslie
13%
Saison 10 Chanteur auteur compositeur écossais" Before You Go" Lewis Capaldi
13%
Saison 2 / 6 Chanteur américain, aux succès mondiales notamment dans les années 80 Lionel Richie
13%
Saison 10 Groupe de folk rock français Louise Attaque
13%
Saison 8 Chanteuse française issue d'un girl band français Louisy Joseph
13%
Saison 8 Duo norvégien célèbre pour leur tube Beggin Madcon
13%
Saisons 12 / 13 Chanteuse et gagnante de The Voice Maëlle
13%
Saisons 3 / 4 / 11 Finaliste de la saison 1 Mario Barravecchia
13%
Saison 6 Chanteuse française souvent sur une autre planète Melissa Mars
13%
Saison 1 Rappeur français au tube "Bye Bye" Ménélik
13%
Saison 9 Chanteur auteur compositeur de variété française Mickaël Miro
13%
Saisons 5 / 6 "Petite" Comédienne Mimie Mathy
13%
Saison 2 Chanteuse grec Nana Mouskouri
13%
Saison 10 Rappeur et chanteur marseillais Naps
13%
Saison 11 Chanteuse Pop RNB française, "Paro" est l'un de ses plus gros titres Nej'
13%
Saisons 2 / 7 Chanteuse, actrice, animatrice française qui a la foi Ophélie Winter
13%
Saison 4 Groupe de pop moldave chantant en roumain O-Zone
13%
Saisons 6 / 12 Chanteur compositeur français qu'on adore Philippe Katerine
13%
Saisons 2 / 3 / 7 Auteur interprète français, réécrit des fables en argot Pierre Perret
13%
Saison 12 Chanteur britannique et "Human" Rag'n'Bone Man
13%
Saisons 1 / 2 Troupe de comédie musicale Roméo et Juliette
13%
Saison 5 Actrice et chanteuse française Sandrine Kiberlain
13%
Saison 5 Chanteur de dancehall et reggae jamaïcain Sean Paul
13%
Saison 13 Chanteuse Auteure-compositrice muffin belge, chantant essentiellement en anglais Selah Sue
13%
Saison 9 Groupe de rap français Sexion d'Assaut
13%
Saison 2 Chanteuse américaine, notamment de country Shania Twain
13%
Saisons 6 / 7 / 8 / 9 Chanteuse française de pop et RNB Shy'm
13%
Saison 11 Compositeur ert pianiste français Sofiane Pamart
13%
Saison 13 Pianiste et compositeur français, premier à se produire au stade de France Sofiane Pamart
13%
Saisons 7 / 8 Chanteur compositeur français aux cheveux longs Stanislas
13%
Saison 5 Chanteur compositeur américain, icône de la musique soul, pop, blues et jazz Stevie Wonder
13%
Saison 12 Chanteuse et influenceuse Styleto
13%
Saisons 4 / 5 Groupe pop folk rock irlandais The Corrs
13%
Saisons 8 / 12 Chanteur musicien français, également fils de Thomas Dutronc
13%
Saison 7 Groupe Allemand Tokio Hotel
13%
Saison 4 Duo de rappeur nantais Tragédie
13%
Saison 12 Chanteur auteur compositeur français, et ancien candidat de Nouvelle Star Ycare
13%
Saisons 2 / 7 / 12 Chanteur compositeur sénégalais Youssou N'Dour
13%
Saison 13 Chanteur et auteur, ex-membre de Thérapie Taxi Zaoui
13%
Saisons 1 / 4 / 6 / 7 Chanteur italien Zucchero
13%
Saison 9 Troupe de comédie musicale 1789 : Les Amants de la Bastille
7%
Saison 12 Groupe de rock alternatif français AaRON
7%
Saison 1 Chanteur et compositeur Libyen Ahmed Fakroun
7%
Saison 8 Rappeur chanteur et producteur americano-sénégalais Akon
7%
Saison 7 Chanteuse américaine souvent au piano Alicia Keys
7%
Saisons 4 / 5 Chanteuse pop américaine Anastacia
7%
Saison 12 Acteur, humoriste, "enfoiré" français Arnaud Ducret
7%
Saison 7 Chanteuse canadienne Avril Lavigne
7%
Saisons 12 / 13 Chanteuse sud-africaine, sosie vocale de Whitney Houston Belinda Davids
7%
Saison 3 Comédie musicale de 2003 sur des chansons de Claude François Belles belles belles
7%
Saison 11 Chanteuse britannique, stars des années 70-80 Bonnie Tyler
7%
Saison 6 Rappeur français Booba
7%
Saison 8 Duo jamaïcain de RNB Dancehall composé de 2 chanteuses Brick and Lace
7%
Saison 2 Chanteur et acteur canadien Bruno Pelletier
7%
Saison 12 Groupe français pop rock Cats On Trees
7%
Saison 6 Chanteuse cap-verdienne et "Diva aux pieds nus" Cesaria Evora
7%
Saison 12 Chanteur britannique like a Hobo Charlie Winston
7%
Saison 1 Chanteur algérien, le prince du raï Cheb Mami
7%
Saison 8 Troupe de comédie musicale Cléopâtre
7%
Saisons 5 / 8 Chanteur canadien qui ne passe pas toujours de bonnes journées Daniel Powter
7%
Saisons 1 / 2 / 3 / 4 / 5 / 7 / 8 Chanteur crooner Dany Brillant
7%
Saison 8 Chanteuse britannique au timbre de voix particulier Duffy
7%
Saison 13 Candidate de la saison 5 Émilie Minatchy
7%
Saisons 2 / 4 Chanteuse française, aux évangélismes Ève Angeli
7%
Saison 1 Chanteuse québécoise de comédie musicale Fabienne Thibeault
7%
Saisons 2 / 4 / 5 Chanteur de pop rock français Gérald de Palmas
7%
Saison 7 Chanteur français au nom régional Gérard Lenorman
7%
Saisons 1 / 5 Chanteur français ayant un lien particulier avec Bob Dylan Hugues Aufray
7%
Saison 7 Groupe français de musique corse I Muvrini
7%
Saison 11 Actrice et chanteuse aux yeux bleues Isabelle Adjani
7%
Saison 3 Chanteur de zouk français, membre du groupe Kassav. Jacob Desvarieux (Kassav)
7%
Saison 6 Groupe pop britannique mené par Jay Kay Jamiroquai
7%
Saison 13 Candidat de la saison 5 Jean-Luc Guizonne
7%
Saison 3 Chanteuse de zouk française, membre du groupe Kassav. Jocelyne Labylle (Kassav)
7%
Saison 8 Groupe americain composés de 3 frères Jonas Brothers
7%
Saison 7 Chanteuse anglaise de Soul Joss Stone
7%
Saison 3 Actrice, chanteuse et "chère voisine" Joy Esther
7%
Saison 6 Rappeur humoriste célébrant son village Kamini
7%
Saison 8 Chanteuse américaine de RNB révélée grâce à Whine Up Kat DeLuna
7%
Saison 2 Chanteuse belge néerlandophone, connu pour ses reprises de Mylène Farmer Kate Ryan
7%
Saison 9 Chanteur americain de reggae Laza Morgan
7%
Saison 8 Icône du rock Lenny Kravitz
7%
Saison 3 Comédie musicale inspirée du film Les Demoiselles de Rochefort
7%
Saison 5 Chanteuse et actrice américaine, icône de Broadway Liza Minnelli
7%
Saison 12 Chanteur et acteur français, ayant performé lors de la cérémonie d'ouverture des jeux paralympiques de Paris 2024 Lucky Love
7%
Saison 1 Producteur et parolier, notamment de grandes comédies musicales Luc Plamondon
7%
Saison 6 Chanteuse guitariste québécoise Lynda Lemay
7%
Saison 3 Chanteur, multi-instrumentiste canadien, connu pour avoir souvent interprété Elvis Martin Fontaine
7%
Saison 2 Chanteur auteur compositeur français Maxime Le Forestier
7%
Saisons 1 / 2 / 4 / 5 / 6 Chanteur français, emblématique des années 60 et 70 Michel Delpech
7%
Saison 10 Chanteur auteur compositeur français traversant les décennies Michel Polnareff
7%
Saison 8 Chanteuse et actrice Disney américaine Miley Cyrus
7%
Saison 7 Chanteur célèbre pour un tube Patrick Hernandez
7%
Saison 6 Rappeur américain P. Diddy
7%
Saison 7 Chanteur compositeur de Jazz Peter Cincotti
7%
Saisons 2 / 3 / 4 Chanteur britannique trés célèbre Phil Collins
7%
Saison 11 Chanteur auteur compositeur "docteur" belge Pierre de Maere
7%
Saison 6 Superstar pop rock américaine Pink
7%
Saison 5 Jeune chanteuse pop, sans doute la plus jeune invitée de l'émission Priscilla
7%
Saison 13 Chanteur et rappeur français d'origine espagnoles Ridsa
7%
Saison 3 Chanteur québécois, Elvis Presley du Quebec Robert Charlebois
7%
Saison 6 Rockstar britannique Rod Stewart
7%
Saisons 3 / 8 Chanteur compositeur italo-belge Salvatore Adamo
7%
Saisons 3 / 5 / 8 / 12 Chanteur de reggae et dancehall jamaïcain Shaggy
7%
Saisons 6 / 7 Icone du disco dans les années 70/80 Sheila
7%
Saison 6 Groupe pop rock canadien Simple Plan
7%
Saison 6 Chanteur compositeur et musicien français en un mot Sinclair
7%
Saison 11 Chanteur et rappeur algérien Soolking
7%
Saison 11 Chanteuse britannique célèbre pour un tube des années 2000 Sophie Ellis-Bextor
7%
Saisons 3 / 12 Chanteur britannique Sting
7%
Saisons 4 / 7 Chanteuse de variété bulgaro-française Sylvie Vartan
7%
Saison 5 Groupe de pop rock écossais (contrairement a ce que leur nom pourrait nous faire croire) Texas
7%
Saison 4 Chanteur et auteur-compositeur italien Toto Cutugno
7%
Saison 6 Duo français "Façon sex" Tribal King
7%
Saison 4 Groupe brésilien composé de 3 chanteuses T-Rio
7%
Saisons 2 / 3 / 11 Chanteur italien Umberto Tozzi
7%
Saison 8 Actrice et chanteuse espagnole Victoria Abril
7%
Saison 7 Chanteuse française de comédie musicale Victoria Sio
7%
Saison 8 Chanteur d'un tube de l'été en 2008 William Baldé
7%
Saison 11 Artiste auteur compositeur interprète de musique électronique, également connu en tant que réalisateur de clips Woodkid
7%
Saison 11 Compositeur et pianiste français Yvan Cassar
7%
Saison 11 Chanteuse auteur compositrice française révélation de l'année 2024 Zaho de Sagazan
7%
Saison 3 Groupe de musique, de la famille Jackson 3T
0%
Saison 3 Chanteur compositeur français Alain Chamfort
0%
Saison 5 Chanteuse pop rock canadienne Alanis Morissette
0%
Saison 8 Chanteur auteur compositeur compositeur américain de Jazz Al Jarreau
0%
Saison 1 Chanteuse Espagnole faisant partie d'un trio espagnole célèbre Ana Torroja (Mecano)
0%
Saison 8 Chanteuse de Jazz française, ayant été prof de la Star Academy Anne Ducros
0%
Saison 5 Animateur, humoriste et chanteur canado-haïtien Anthony Kavanagh
0%
Saisons 4 / 5 / 6 Chanteuse et actrice française Arielle Dombasle
0%
Saison 3 Comédie Musicale produite par Dove Attia Autant en emporte le vent
0%
Saison 9 Chanteur français de RNB Axel Tony
0%
Saison 7 Rappeur "bébé" américain Baby Bash
0%
Saison 9 Chanteur auteur compositeur suisse Bastian Baker
0%
Saisons 6 / 8 Troupe indienne de comédie musicale Bharati
0%
Saison 9 Chanteuse autrice compositrice pianiste guitariste britannique Birdy
0%
Saison 7 Groupe artistique américain aux têtes bleues Blue Man Group
0%
Saison 7 Groupe de RNB américain Boyz II Men
0%
Saison 9 Chanteur auteur compositeur français de Pop et variété Brice Conrad
0%
Saison 12 Chanteuse, autrice, compositrice et actrice française. Ayant participé à la Nouvelle Star Camelia Jordana
0%
Saison 5 Guitariste chanteur americano mexicain Carlos Santana
0%
Saison 6 Chanteuse de RNB américaine Cassie
0%
Saison 3 Chanteuse française qui s'est notamment illustrée dans le registre italien Cerena
0%
Saison 3 Chanteuse de zouk française Cheela
0%
Saison 12 Groupe français de rumba catalane, porté par l'ancien leader des Gipsy Kings Chico and the Gypsies
0%
Saison 6 Chanteuse guitariste américain star des années 90 Chris Isaak
0%
Saison 1 Chanteuse française, notamment célèbre en duo avec sa soeur Chris Mayne (Native)
0%
Saison 5 Chanteur compositeur franco américain, fils de Sanson Christopher Stills
0%
Saison 6 Chanteur chouchou de David Guetta Chris Willis
0%
Saison 9 Groupe français composé notamment de Calogero et Stanislas Circus
0%
Saison 2 Chanteuse, actrice, et "enfoirée" française Claire Keim
0%
Saison 9 Chanteur britannique Pop Conor Maynard
0%
Saison 6 Chanteuse et bassiste du groupe Téléphone Corine Marienneau
0%
Saisons 1 /2 Chanteuse italienne ayant fait un duo avec Marc Lavoine Cristina Marocco
0%
Saison 7 Chanteur auteur compositeur italien qui a écrit pour les plus grands Davide Esposito
0%
Saison 4 Groupe américain de RNB, dont la leader est devenue une megastar mondiale Destiny's Child
0%
Saison 4 Chanteuse et musicienne québécoise Diane Tell
0%
Saison 11 Chanteur auteur compositeur français. Il a écrit pour les plus grands Didier Barbelivien
0%
Saison 8 Groupe français electro, star d'un tube 'bourgeois" Discobitch
0%
Saison 9 DJ et compositeur français célèbre dans le monde de la Zumba DJ Mam's
0%
Saison 11 Chanteuse autrice compositrice française Eloïz
0%
Saison 9 Chanteuse parolière britannique Emeli Sandé
0%
Saison 5 Artiste italien mélangeant le mime, la comédie, la danse, la musique Ennio Marchetto
0%
Saisons 3 / 6 Chanteur et acteur français au nom espagnol Enrico Macias
0%
Saison 8 Chanteuse rappeuse britannique protégé de Kanye West Estelle
0%
Saison 13 Violoniste française Esther Abrami
0%
Saison 7 Rappeur français connu pour le générique d'une série Faf Larage
0%
Saison 6 Chanteuse américaine, également ex-membre d'un célèbre groupe Fergie
0%
Saison 8 Chanteuse australo-italienne Gabriella Cilmi
0%
Saison 5 Chanteur jamaïcain chantant sur des titres de Bob Sinclar Gary Pine
0%
Saison 7 Groupe britannique Hard-Fi
0%
Saison 3 Groupe néerlandais, connu pour ses hymnes de sport Hermes House Band
0%
Saison 7 Chanteur français surtout célèbre des années 60 aux années 80 Hervé Vilard
0%
Saison 6 Quatuor international de classique Il Divo
0%
Saison 7 Groupe britannique pop funk et soul Imagination
0%
Saison 1 Chanteuse Israélienne en 6 lettres Ishtar
0%
Saison 6 Chanteur britannique James Morrison
0%
Saison 5 Chanteur compositeur britannique de Jazz Jamie Cullum
0%
Saison 2 Chanteuse et actrice britannico-française au sac célèbre Jane Birkin
0%
Saison 8 Chanteur guitariste américain Jason Mraz
0%
Saison 4 Compositeur de musique électronique Jean-Michel Jarre
0%
Saison 9 Chanteur de coupé décalé français Jessy Matador
0%
Saison 6 Chanteur écossais Jimmy Somerville
0%
Saison 4 Chanteur de Blues Rock britannique Joe Cocker
0%
Saisons 6 / 7 / 8 / 9 Ténor américain Josh Groban
0%
Saisons 5 / 7 Chanteur colombien en chemise Juanes
0%
Saisons 4 / 6 Soprano américaine Julia Migenes
0%
Saison 9 Chanteur auteur compositeur guitariste britannique Julian Perretta
0%
Saison 2 Chanteuse française, voix emblématique des films Disney Karine Costa
0%
Saisons 6 / 7 Chanteuse et musicienne britannique de blues et de Jazz Katie Melua
0%
Saison 8 Groupe britannique pop rock Keane
0%
Saison 12 Pianiste franco-géorgienne Khatia Buniatichvili
0%
Saisons 1 / 6 Chanteuse pop britannique Kim Wilde
0%
Saison 7 Chanteuse française en scooter Koxie
0%
Saison 9 Rappeur français mettant son nez partout La Fouine
0%
Saison 11 Chanteur corse avec son tube La Gola Lolita La Petite Culotte
0%
Saison 5 "Incroyable" Comédien français Laurent Ournac
0%
Saison 7 Troupe de comédie musicale Le Roi Lion
0%
Saisons 2 / 3 / 4 / 5 Chanteuse, actrice, humoriste française Liane Foly
0%
Saison 3 Chanteuse de comédies musicales Liza Pastor
0%
Saison 11 DJ compositeur, réalisateur belge Lost Frequencies
0%
Saison 2 Chanteuse soliste espagnole Luz Casal
0%
Saison 5 Chanteuse et actrice française Marilou
0%
Saison 9 Chanteur auteur compositeur britannique surtout connu pour son titre New Age Marlon Roudette
0%
Saisons 7 / 8 DJ français Martin Solveig
0%
Saison 4 Chanteur compositeur musicien français Maxim Nucci (Yodelice)
0%
Saisons 5 / 7 Chanteur de jazz italo-canadien Michael Bublé
0%
Saison 4 Chanteur et compositeur français Michel Fugain
0%
Saison 7 Chanteuse pop australienne au nom coloré Micky Green
0%
Saison 6 Producteur, DJ, chanteuse, compositeur américain Moby
0%
Saison 13 Comédie Musicale Monte-Cristo
0%
Saison 13 Chanteur auteur-compositeur français pop mélodique Montemarco
0%
Saison 6 Chanteuse française psychédélique Najoua Belyzel
0%
Saison 6 Chanteuse pop canadienne Nelly Furtado
0%
Saison 4 Chanteur compositeur romancier, qui a connu ses premiers succès dans les années 70 Nicolas Peyrac
0%
Saison 1 Chanteuse française ayant connu son premier succès dans les années 60 Nicole Croisille
0%
Saison 2 Chanteur de reggae français Nuttea
0%
Saison 9 Groupe de musique electro français Ocean Drive
0%
Saison 11 Duo de musique electro français Ofenbach
0%
Saison 9 Chanteur anglais Pop Olly Murs
0%
Saison 1 Duo de RNB français Organiz
0%
Saison 6 Groupe de rock californien Orson
0%
Saison 6 Chanteur britannique au nom italien Paolo Nutini
0%
Saison 13 Troupe d'un célèbre cabaret Paradis Latin
0%
Saison 8 Chanteuse autrice compositrice québécoise Pascale Picard
0%
Saisons 5 / 7 Chanteur compositeur canado-americain ayant écrit My Way Paul Anka
0%
Saison 8 Chanteuse compositrice française au piano Pauline
0%
Saison 6 Chanteur américain membre du groupe Cock Robin Peter Kingsbery (Cork Robin)
0%
Saison 7 Groupe de rock punk américain Plain White T's
0%
Saison 6 Rappeuse française Princess Aniès
0%
Saison 1 Chanteuse, actrice et "princesse" Française Princess Erika
0%
Saison 6 Chanteuse belge d'origine vietnamienne Quỳnh Anh
0%
Saisons 4 / 5 / 8 Tenor franco italien Roberto Alagna
0%
Saison 7 Chanteur auteur compositeur membre d'une célèbre groupe britannique Robin Gibb (Bee Gees)
0%
Saison 2 Chanteur irlandais, ayant notamment fait un duo avec Cecilia Cara Ronan Keating
0%
Saison 11 Chanteuse capverdienne de musique urbaine Ronisia
0%
Saisons 1 / 3 Guitariste de Jazz et chanteur français Sacha Distel
0%
Saison 2 Chanteuse Brésilienne, grande amie de Bob Sinclar Salomé de Bahia
0%
Saison 8 Groupe allemand culte de hard rock Scorpions
0%
Saison 1 Chanteuse de comédie musicale Shirel
0%
Saison 4 Troupe de Comédie musicale guerrière Spartacus le gladiateur
0%
Saison 7 Chanteur anglais accompagnant souvent Bob Sinclar Steve Edwards
0%
Saison 3 En duo sur leur titre "Sweet Socca Music" Sugar Daddy et Dedi
0%
Saison 6 Triple champion du monde de roller sur rampe Taïg Khris
0%
Saison 9 Groupe americain Folk rock The Lumineers
0%
Saison 7 Producteur et rappeur célèbre américain Timbaland
0%
Saison 2 Chanteur italien pardonné Tiziano Ferro
0%
Saison 2 Chanteuse pop américaine, voyageant en piano Vanessa Carlton
0%
Saison 3 Chanteur de RNB français Willy Denzey
0%
Saisons 7 / 8 Chanteuse franco-israélienne chantant souvent en anglais Yael Naim
0%
Saison 7 Chanteuse française Yelle
0%
Saison 9 Rappeur auteur compositeur français Youssoupha
0%
Aucun quiz correspondant
Distribution des résultats
% des personnes avec chaque résultat
Percentile par nombre de réponses
Votre historique - résultats
Vous n’avez pas pris ce quiz depuis la dernière actualisation